000 002300000a22000970004500
100 1 _aHestenes, Roberta
245 1 0 _aIs the gospel good news for women?
300 _aNúm 36 (1992), Páginas 2-3
773 0 _tTogether
942 _cANA
999 _c56319
_d56319